Normal view MARC view
  • Hydraulic engineering

Entry Topical Term

Number of records used in: 1

001 - CONTROL NUMBER

  • control field: 43689

003 - CONTROL NUMBER IDENTIFIER

  • control field: NUST

005 - DATE AND TIME OF LATEST TRANSACTION

  • control field: 20210314132729.0

008 - FIXED-LENGTH DATA ELEMENTS

  • fixed length control field: 210314|| aca||aabn | a|a d

040 ## - CATALOGING SOURCE

  • Original cataloging agency: NUST
  • Transcribing agency: NUST

150 ## - HEADING--TOPICAL TERM

  • Topical term or geographic name entry element: Hydraulic engineering
  • General subdivision: Tables

670 ## - SOURCE DATA FOUND

  • Source citation: Work cat.: (NUST): Herr, Lester Abram. 43687, Capacity charts for the hydraulic design of highway culverts, 1965.
© 2023 Central Library, National University of Sciences and Technology. All Rights Reserved.